Visualizzazione normale
Vista MARC
- Leoni Ezio
di Personal Name
Records bibliografici associati: 1
001 - CONTROL NUMBER
- control field: 13372
003 - CONTROL NUMBER IDENTIFIER
- control field: IT-RoPau
005 - DATE AND TIME OF LATEST TRANSACTION
- control field: 20140213110258.0
008 - FIXED-LENGTH DATA ELEMENTS
- fixed length control field: 140213|| aca||aabn | a|a d
040 ## - CATALOGING SOURCE
- Original cataloging agency: IT-RoPau
- Transcribing agency: IT-RoPau
100 ## - HEADING--PERSONAL NAME
- Personal name: Leoni Ezio
- Miscellaneous information: Codice autore SPICS: 16082
- Relator term: Autore
- Name of part/section of a work: Maremma - Stornelli di Porta Romana - Aritornelli romaneschi
670 ## - SOURCE DATA FOUND
- Source citation: Work cat.: (IT-RoPau)99025: AA.VV. 794, Roma canta